Kohézny fond, rozsah štrukturálnych fondov, limity pre príspevky Ako sa dostať k peniazom z Európskych fondov
Kohézny fond a štrukturálne fondy. Krajiny prijímajúce pomoc z kohézneho fondu. Možnosti využívania kohézneho fondu. Rozdelenie výdavkov na rozvoj do troch oblastí. Rozsah štrukturálnych fondov. Typy činností, ktoré môžu podporiť štrukturálne fondy. Limity pre príspevok EÚ zo štrukturálnych fondov a...
Salvato in:
| Natura: | Capitolo di libro |
|---|---|
| Lingua: | slovacco |
| Soggetti: | |
| Tags: |
Nessun Tag, puoi essere il primo ad aggiungerne!!
|
MARC
| LEADER | 00000naa$a2200000$$$4500 | ||
|---|---|---|---|
| 001 | 0003802 | ||
| 005 | 20230920090940.7 | ||
| 041 | 0 | |a slo | |
| 044 | |a SK | ||
| 245 | 1 | 0 | |a Kohézny fond, rozsah štrukturálnych fondov, limity pre príspevky |b Ako sa dostať k peniazom z Európskych fondov |
| 520 | |a Kohézny fond a štrukturálne fondy. Krajiny prijímajúce pomoc z kohézneho fondu. Možnosti využívania kohézneho fondu. Rozdelenie výdavkov na rozvoj do troch oblastí. Rozsah štrukturálnych fondov. Typy činností, ktoré môžu podporiť štrukturálne fondy. Limity pre príspevok EÚ zo štrukturálnych fondov a kohézneho fondu. Hodnotiace ukazovatele. | ||
| 610 | 2 | 0 | |a fondy štruktúrne |
| 610 | 2 | 0 | |a fond kohézny |
| 610 | 2 | 0 | |a spolupráca hospodárska medzinárodná |
| 610 | 2 | 0 | |a Európska únia |
| 610 | 2 | 0 | |a pomoc rozvojová |
| 610 | 2 | 0 | |a projekty |